I am, I can (Record no. 5210)

MARC details
000 -LEADER
fixed length control field 00698cam a2200241 4500
001 - CONTROL NUMBER
control field 2195433
003 - CONTROL NUMBER IDENTIFIER
control field GBCCL
005 - DATE AND TIME OF LATEST TRANSACTION
control field 20241126110535.0
008 - FIXED-LENGTH DATA ELEMENTS--GENERAL INFORMATION
fixed length control field 730425s1973 nju 000 0 eng
010 ## -
-- 73006921
020 ## - INTERNATIONAL STANDARD BOOK NUMBER
International Standard Book Number 0800782658
040 ## - CATALOGING SOURCE
Original cataloging agency DLC
Transcribing agency DLC
Modifying agency DLC
050 00 -
-- BV4501.2
-- .S753
082 00 - DEWEY DECIMAL CLASSIFICATION NUMBER
Classification number 248.4876
Item number STE
100 1# - MAIN ENTRY--PERSONAL NAME
Personal name Steere, Daniel C.
9 (RLIN) 9376
245 10 - TITLE STATEMENT
Title I am, I can
Statement of responsibility, etc. [by] Daniel C. Steere.
260 ## - PUBLICATION, DISTRIBUTION, ETC.
Place of publication, distribution, etc. Old Tappan, N.J.,
Name of publisher, distributor, etc. Revell
Date of publication, distribution, etc. [1973]
300 ## - PHYSICAL DESCRIPTION
Extent 127 p.
Dimensions 21 cm.
650 #0 - SUBJECT ADDED ENTRY--TOPICAL TERM
Topical term or geographic name entry element Christian life
General subdivision Methodist authors.
9 (RLIN) 6312
650 #0 - SUBJECT ADDED ENTRY--TOPICAL TERM
Topical term or geographic name entry element Success
General subdivision Religious aspects
-- Christianity.
9 (RLIN) 684
906 ## - LOCAL DATA ELEMENT F, LDF (RLIN)
a 7
b cbc
c orignew
d 1
e ocip
f 19
g y-gencatlg
942 ## - ADDED ENTRY ELEMENTS (KOHA)
Source of classification or shelving scheme Dewey Decimal Classification
Koha item type Books
Koha issues (borrowed), all copies 2
Holdings
Withdrawn status Lost status Source of classification or shelving scheme Damaged status Not for loan Home library Current Library Shelving location Date acquired Total checkouts Total renewals Full call number Barcode Date last seen Date last checked out Copy number Price effective from Koha item type
    Dewey Decimal Classification     GRACE BIBLE COLLEGE GRACE BIBLE COLLEGE Ministry & Mission 2018-03-05 2 1 248.4876 STE 000999 2025-05-01 2023-03-02 c.1 2018-03-05 Books
© Grace Bible College Library 2025